Rodný môj kraj piesne zo slovenských zábav

Bibliographic Details
Corporate Authors: Ponitran ľudová hudba (uci), Šarišan (ľudová hudba : Prešov, Slovensko) (uci)
Other Authors: Pavčo, Anton (roz), Seredič, Michal (roz), Szabóová, Marianna (roz), Kišeľák, Ladislav (roz), Šangriková, Dana (roz), Hujer, Peter (roz), Nilašová, Lea (roz), Nováková, Dana (roz), Garajová, Juliana (roz), Šimčík, Ľubomír (roz), Szabó, Tibor (fot), Nukic, Dejan (nob)
Format: Book
Language:Slovak
PhysicalDescription:1 magnetofónová kazeta (59 min. 4 sek.) stereo
Published: Bratislava Musica 1996
Subjects:

MARC

LEADER 00000nam a2200000 a 4500
001 vtls001219421
003 SK-MaSNL
005 20260301234047.0
008 130606s1996 xo 0 slo
015 |a SNBJ1997/03-01210 
035 |a SNK000163626 
040 |a SNK  |b slo  |c SNK  |e AACR2 
044 |a xo  |c SK 
080 |a 784.4:785.14(086.7)  |2 1981 
080 |a 785.14  |2 1981 
245 1 |a Rodný môj kraj  |h zvukový dokument  |b piesne zo slovenských zábav 
260 |a Bratislava  |b Musica  |c 1996 
300 |a 1 magnetofónová kazeta (59 min. 4 sek.)  |b stereo 
500 |a Fotograf Tibor Szabó; autor obalu Dejan Nukic 
505 0 |a Obsahuje 32 piesní 
511 |a Spievajú Anton Pavčo, Michal Seredič, Marianna Szaboóvá, Ladislav Kišeľák, Dana Šangriková, Peter Hujer, Lea Nilašová, Dana Nováková, Juliana Garajová, Ľubomír Šimčík 
511 |a Hrajú ľudové hudby Ponitran, Šarišan 
650 0 7 |a ľudová hudba  |x piesne ľudové  |x kazety magnetofónové  |2 SNK  |9 283675 
650 0 7 |a piesne ľudové  |x kazety magnetofónové  |2 SNK  |9 283676 
655 7 |a magnetofónové kazety  |2 SNK  |9 70693 
700 1 |a Pavčo, Anton  |4 roz  |9 46193 
700 1 |a Seredič, Michal  |4 roz  |9 5224 
700 1 |a Szabóová, Marianna  |4 roz  |9 47070 
700 1 |a Kišeľák, Ladislav  |4 roz  |9 44815 
700 1 |a Šangriková, Dana  |4 roz  |9 47112 
700 1 |a Hujer, Peter  |4 roz  |9 44405 
700 1 |a Nilašová, Lea  |4 roz  |9 15263 
700 1 |a Nováková, Dana  |4 roz  |9 23283 
700 1 |a Garajová, Juliana  |4 roz  |9 43846 
700 1 |a Šimčík, Ľubomír  |4 roz  |9 6484 
700 1 |a Szabó, Tibor  |4 fot  |9 8101 
700 1 |a Nukic, Dejan  |4 nob  |9 46035 
710 0 |a Ponitran ľudová hudba  |4 uci  |9 32372 
710 0 |a Šarišan (ľudová hudba : Prešov, Slovensko)  |4 uci  |9 62803 
999 |c 968780  |d 970710 
952 |t P60, <03>, [BOOK], {603}  |a SNK  |b SNK  |y PREZ  |7 0  |p 17A0005319  |o snkK 1830  |i snkJK 223/96  |0 0  |1 0  |4 0  |d 1996-08-14  |l 0  |r 2005-01-01 00:00:00  |w 2026-02-24